| 000 | 01043nam a22003015a 4500 | ||
|---|---|---|---|
| 005 | 20171024135257.0 | ||
| 008 | 161222t2016 moua frbd 001 0 eng d | ||
| 020 | _a9780323169189 | ||
| 040 |
_aEG-ScBUE _beng _cEG-ScBUE _dEG-ScBUE _dEG-ScBUE |
||
| 082 | 0 | 4 |
_a618.10231 _bMAT _222 |
| 245 | 0 | 0 |
_aMaternity & women's health care / _cDeitra Leonard Lowdermilk ... [et al.] ; editor Ellen F. Olshansky. |
| 246 | 3 | _aMaternity and women's health care | |
| 250 | _a11th ed. | ||
| 260 |
_aLouis : _bElsevier, _cc.2016. |
||
| 300 |
_axxiv, 973 p. : _bill. ; _c28 cm. |
||
| 500 | _aGlossary : p. 931-943. | ||
| 500 | _aIndex : p. 944-973. | ||
| 504 | _aIncludes bibliographical references. | ||
| 650 | 7 |
_aMaternity nursing. _2BUEsh _912162 |
|
| 650 | 7 |
_aGynecologic nursing. _2BUEsh |
|
| 650 | 7 |
_aWomen's health services. _2BUEsh _928923 |
|
| 651 | _2BUEsh | ||
| 653 |
_bNNUR _cDecember2016 _cOctober2017 |
||
| 655 |
_vText book _933728 |
||
| 700 | 1 |
_aOlshansky, Ellen F., _eeditor. |
|
| 700 | 1 |
_aLowdermilk, Deitra Leonard. _928924 |
|
| 942 | _2ddc | ||
| 999 |
_c23703 _d23675 |
||